1145 1787 1325 1510 1211 1119 1983 1520 1456 1133 1971 1177 1683 1296 1894 1395 1298 1046 1381 1602 1180 1196 1061 1016 1500 1862 1259 1461 1131 1715 1363 1064 1292 1285 1667 1265 1609 1011 1178 1189 1177 1148 1090 1378 1368 1247 1203 1393 1422 1168 1566 1938 1896 1846 1977 1751 1086 1591 1509 1400 1061 1608 1960 1761 1679 1471 1362 1420 1356 1331 1301 1486 1982 1566 1045 1368 1613 1373 1977 1954 1062 1901 1834 1683 1586 1523 1095 1275 1086 1568 1807 1239 1912 1993 1746 1545 1371 1232 1767 BCNSPRNW ULIB Ver.6.0+V

เปลี่ยนเป็นภาษาไทย

Change to English
 แสดงรายละเอียดบรรณานุกรม
  กลับหน้าหลัก

Brief Record : Get Marc (ISO 2709) : E-mail record : QR code < ปิดหน้าต่าง
LEADER : 00000nam 2200000uu 4500
001    13399110863
003     ULIB
008    110610s2551||||th 000 0 tha d
020    9789740550327
060 04 WS260^bอ288ค 2551
245 00 คู่มือโรคผิวหนังเด็ก /^cบรรณาธิการ, อมรศรี ชุณหรัศมิ์,วาณี วิสุทธิ์เสรีวงศ์, ศรีศุภลักษณ์ สิงคาลวณิช
250    พิมพ์ครั้งที่ 2
260    กรุงเทพฯ :^bบียอนด์ เอ็นเทอร์ไพรซ์,^c2551
300    vi, 265 หน้า :^bภาพประกอบสี ;^c21 ซม.
500    จัดทำโดย : ชมรมแพทย์ผิวหนังเด็กแห่งประเทศไทย
650  7 ผิวหนัง, โรค^xในวัยทารกและวัยเด็ก^vคู่มือ
700 0  วาณี วิสุทธิ์เสรีวงศ์,^eบรรณาธิการ
700 0  อมรศรี ชุณหรัศมิ์,^eบรรณาธิการ
700 0  ศรีศุภลักษณ์ สิงคาลวณิช,^eบรรณาธิการ
710 2  ชมรมแพทย์ผิวหนังเด็กแห่งประเทศไทย
945    ^p500^l0^i025279
945    ^p500^l0^i024141
945    ^p500^l0^i023633
945    ^p500^l0^i023632
945    ^p500^l0^i023631
995    ทศพร
999 ^a ใช้งานได้ทุกระบบ
รายการนี้ยังไม่มีแท็ก
คุณยังไม่ได้ล็อกอิน คุณสามารถมีกิจกรรมร่วมกับเว็บไซต์ได้ แต่ต้องล็อกอินก่อน ::
  ล็อกอิน

รายการสื่อสารสนเทศ

ลำดับที่ ประเภท เลขเรียก/บาร์โค้ด สถานที่ สถานะ
- ไม่พบข้อมูล -

BibComment


ยังไม่เคยถูกคอมเมนท์

คอมเมนท์ทรัพยากรรายการนี้
  คอมเมนท์: คู่มือโรคผิวหนังเ..


 Copyright 2026. Bcnsprnw @Library